| 000 | 00673nam a22001577a 4500 | ||
|---|---|---|---|
| 003 | OSt | ||
| 005 | 20161129143336.0 | ||
| 008 | 161129b xxu||||| |||| 00| 0 eng d | ||
| 040 | _cRUA | ||
| 082 | _aVEM SOK 2015 B543 Or.1 | ||
| 100 |
_911438 _aSOK VEASNA; សុខវាសនា |
||
| 245 | _aStudy on endoparasite in cattle at Batheay district, Kampong Cham province; សិក្សាពីវត្តមានបរាសិតខាងក្នុងក្រពះពោះវៀនគោនៅស្រុកបាធាយ ខេត្តកំពង់ចាម | ||
| 260 |
_aPhnom Penh _bRUA _c2015 |
||
| 300 |
_axii; 40p; _bill; _c29cm; |
||
| 942 |
_2ddc _cAGR |
||
| 999 |
_c10994 _d10994 |
||